| 000 | 00978cam a22002174a 4500 | ||
|---|---|---|---|
| 005 | 20250605164139.0 | ||
| 008 | 250528s ||||||||||||||||||||||||d | ||
| 035 | _a18883 | ||
| 020 | _a715722034 | ||
| 040 |
_aGR-AtMCL _bgre _dGR-AtMCL _eAACR2 |
||
| 245 | 1 | _aPowers of Expression | |
| 250 | _a1st | ||
| 260 | _c1983 | ||
| 300 | _a200 | ||
| 520 | _aThis book has been designed to prepare students for writing essays and for narrative, descriptive, informative and persuasive writing at first examination level, GCE, SCE and CSE. Introduction, Materials and Methods and Skills, What Being a Writer Means, Three Functions of Language, Planning, Beginnings and Middles and Endings, Structuring, Summary, Structural Patterns, Expressing, Revising, Informative Writing, Imaginative Writing, Narrative, Description, Dialogue, Persuasion and Argument. | ||
| 700 | 1 |
_aClarke David _95162 |
|
| 700 | 1 |
_aHolmes Mcdougall _92272 |
|
| 942 | _cBK | ||
| 999 |
_c4189 _d4189 |
||